000 01624nam a22001577a 4500
041 _aukr
080 _a09
090 _bЗАР
100 _aЗарва О. М.
245 _aВикорнистання гри у навчанні монологічного мовлення на початковому етапі середньої школи.
260 _aОстрог
_bКАФ
_c2003
300 _a43
520 _aРозділ 1. Психофізіологічні та вікові аспекти використання гри в навчанні монологічного мовлення на початковому етапі середньої школи. 1.1. Врахування вікових та індивідуально психологічних особливостей учнів у процесі навчання монологічного мовлення. 1.2. Гра, як засіб мотивації навчання монологічного мовлення на початковому етапі. 1.3. Характеристика ігор для навчання монологічного мовлення. Розділ 2. Методика використання гри в процесі монологічного мовлення на початковому етапі середньої школи. 2.1. Ігри для навчання монологічного мовлення різних рівнів. 2.2. Модель навчального процесу.
_0методика, монологічне мовлення, гра
650 _aResearch Papers
999 _c281865
_d281865
942 _cBK